LDR 01161naa#a2200169#i#450# 001 RU\\bibl\119475 005 20260415053200.3 011 ## _a2949-1258 100 ## _a20260403b2026####ek#y0rusy0150####ca 102 ## _aRU 200 1# _aМодель подготовки участковых уполномоченных полиции к индивидуальной профилактической работе с поднадзорными лицами в системе профессиональной служебной подготовки _eЖурнальная статья 210 1# _aВладивосток _cФедеральное государственное бюджетное образовательное учреждение высшего образования "Владивостокский государственный университет" _d2026 215 ## _a13 с. 608 ## _aЖурнальная статья _2local 675 ## _aНародное образование. Воспитание. Обучение. Организация досуга. 37 _z 700 #1 _aШевляков _gАлександр Сергеевич 856 4# _avvgu.editorum.ru _u